00557 2200217 4500001002100000005001700021006001900038008004100057020002200098035002500120090001600145100001800161245002600179250001100205260003800216990001700254990001700271990001700288990001700305990001700322INLIS00000000001262820180111144506.0a ||| | 180719| ||| |  a978-979-29-5345-9 a0010-071700000000274 a649.1 ARI s0 aAri Wulandari00a10.000 Nama Nama Bayi aCet. 1 aYogyakartabAndi Yogyakartac2016 a1998/PC/2017 a1999/PC/2017 a1998/PC/2017 a1998/PC/2017 a1999/PC/2017